| 000 | 00728nam a2200253 a 4500 | ||
|---|---|---|---|
| 008 | 951212s1979||||CS 0 slo c | ||
| 020 |
_c80 Kčs. _q(10000 výtl.) |
||
| 040 |
_aSNK _bslo _cSNK _eAACR2 |
||
| 044 |
_axo _cSK |
||
| 080 | _a061.1(100)(038) | ||
| 245 | 1 | 0 | _aSlovník medzinárodných organizácií |
| 250 | _a1., vyd. | ||
| 260 |
_aBratislava _bPravda _c1979 _eBratislava _fPravda |
||
| 300 |
_a757 s., 77,42 AH _c24 cm |
||
| 490 | 0 | _aČlenská knižnica Pravda | |
| 500 | _aReg. | ||
| 700 | 1 |
_aKlepacki, Zbigniew M. _4zos |
|
| 700 | 1 |
_aServátka, Marián _4prk |
|
| 700 | 1 |
_aŠtefanko, Milan _4prk |
|
| 700 | 1 |
_aRovenský, Ján _4gup |
|
| 700 | 1 |
_aKlepacki, Zbigniew M. _4ini |
|
| 041 | _aslo | ||
| 958 | _aA | ||
| 999 |
_c19144 _d19144 |
||